Geography Quiz

Random Geography or World Quiz

6-Letter Countries by 4 Letters Quiz Stats

 Plays Quiz Updated May 10, 2016

Challenge
Share
Tweet
Embed
Score 0/31 Timer 05:00
3 Plays Today
Random Letters 6-Letter Country % Correct
NOWYNorway
96.4%
UKEYTurkey
94.7%
ISELIsrael
89.1%
BAILBrazil
87.6%
KWITKuwait
84.8%
YPUSCyprus
84.8%
PAAAPanama
83.7%
TAWNTaiwan
81.8%
UGAAUganda
81.7%
ZAIAZambia
80.4%
NADACanada
80.3%
JOANJordan
78.7%
PONDPoland
78.2%
USIARussia
76.7%
EDENSweden
74.6%
EBIASerbia
72.8%
Random Letters 6-Letter Country % Correct
GUNEGuinea
71.9%
AOLAAngola
71.9%
UYAAGuyana
67.5%
EICOMexico
66.1%
AVIALatvia
66.1%
VALUTuvalu
65.8%
OACOMonaco
65.1%
ALAWMalawi
60.8%
OSOOKosovo
60.1%
REEEGreece
54.2%
ELIEBelize
50.8%
RANDRwanda
47.4%
RUNEBrunei
45.1%
RANEFrance
38.4%
HUANBhutan
34.2%

You're not logged in!

Compare scores with friends on all Sporcle quizzes.
OR
Log In

You Might Also Like...

Show Comments

Extras

Top Quizzes Today


Score Distribution

Your Account Isn't Verified!

In order to create a playlist on Sporcle, you need to verify the email address you used during registration. Go to your Sporcle Settings to finish the process.

Report this User

Report this user for behavior that violates our Community Guidelines.

Details: